O IRPJ nas permutas imobilir̀ias realizadas por pessoas jurd̕icas optantes pelo regime do lucro presumido

Detalles Bibliográficos
Autor principal: Bittencourt, Gabriela
Formato: eBook
Lenguaje:portugués
Publicado: San Pablo: Editora Noeses, 2019
Materias:
Acceso en línea:Acceso restringido

MARC

LEADER 00000nam a22000007a 4500
005 20201118224559.0
007 cr|||| ||||
008 201118s2019 br |||||s|||| 00||0 por d
020 |a 978-85-8310-114-7 
035 |a 32305 
040 |a vLex 
090 |c 10902  |d 10902 
100 1 |a Bittencourt, Gabriela 
245 1 1 |a O IRPJ nas permutas imobilir̀ias realizadas por pessoas jurd̕icas optantes pelo regime do lucro presumido  |h [Recurso electrn̤ico] /  |c Gabriela Bittencourt 
256 |a Servicio en ln̕ea 
260 |a San Pablo:  |b Editora Noeses,  |c 2019 
300 |a 1 recurso electrn̤ico 
506 1 |a Disponible solo en los productos indicados  |d vLex Global  |d vLex Global (Academic Edition, excluding Law Schools)  |d vLex Global (U.S. Academic Edition, Law Schools)  |d vLex Global (U.S. Academic Edition, excluding Law Schools)  |d vLex Global (Academic Edition, Law Schools) 
650 0 4 |a Derecho Fiscal  |z Brasil 
740 0 |a vLex Libros (Servicio en ln̕ea) 
856 4 0 |u http://vlex.com/source/irpj-permutas-imobiliarias-pessoas-juridicas-optantes-regime-lucro-presumido-32305  |z Acceso restringido 
942 |c BOOK 
999 0 |a Tax Law